| 000 -LEADER |
| fixed length control field |
01081nam a2200325 i 4500 |
| 001 - CONTROL NUMBER |
| control field |
246600 |
| 003 - CONTROL NUMBER IDENTIFIER |
| control field |
OSt |
| 005 - DATE AND TIME OF LATEST TRANSACTION |
| control field |
20180921 |
| 008 - FIXED-LENGTH DATA ELEMENTS--GENERAL INFORMATION |
| fixed length control field |
000000 0000000000 00 |
| 040 ## - CATALOGING SOURCE |
| Original cataloging agency |
DLC |
| Transcribing agency |
DLC |
| 100 ## - ASIENTO PRINCIPAL -- NOMBRE PERSONAL |
| Personal name |
González Osoria, Yamelis Alcibelis |
| 245 ## - TÍTULO PROPIAMENTE DICHO: SUBTÍTULO |
| Title |
Equivalencia química en comprimidos de loratadina (10mg) expendido por programa de medicamentos esenciales (PROMESE /CAL) República Dominicana respecto al medicamento innovador periodo enero - abril 2016 |
| Mención de responsabilidad |
Yamelis González, Jasmín Familia, Lisbeth Hodge Rondón; asesoras Antonia Cáceres, Amaira González |
| 260 ## - PUBLICATION, DISTRIBUTION, ETC. |
| Place of publication, distribution, etc. |
San Pedro de Macorís : |
| Name of publisher, distributor, etc. |
Universidad Central del Este |
| 300 ## - PHYSICAL DESCRIPTION |
| Extensión |
1v. (en varias paginaciones) |
| 502 ## - THESIS NOTE |
| Dissertation note |
Tesis (Licenciado en Farmacia)-- Universidad Central del Este, 2016 |
| 504 ## - BIBLIOGRAPHY, ETC. NOTE |
| Bibliography, etc. note |
Incluye bibliografía, índice y anexos |
| 650 ## - ASIENTO SECUNDARIO DE MATERIA -- TERMINO TOPICO |
| Asiento secundario de materia |
Farmacología |
| -- |
Histamina |
| -- |
Loratadina |
| -- |
Medicamentos esenciales |
| -- |
TC 6206 |
| -- |
Tesis disertaciones académicas |
| 700 ## - ASIENTO SECUNDARIO -- NOMBRE PERSONAL |
| Personal name |
Cáceres, Antonia, ases |
| -- |
Familia Rosario, Jasmín |
| -- |
González, Amaira, ases |
| -- |
Hodge Rondón, Libeth Alicia |
| 942 ## - ADDED ENTRY ELEMENTS (KOHA) |
| Source of classification or shelving scheme |
|
| Koha item type |
Tesis |